Statistics for 20 largest cities in Portugal

Click here to take the quiz!

General Stats

  • This quiz has been taken 29 times
  • The average score is 7 of 20

Answer Stats

RankPopulationRegionCity% Correct
1545,245LisboaLisbon
100%
4237,559NorthPorto
100%
7181,819NorthBraga
96%
16143,052CentroCoimbra
65%
8175,558LisboaAmadora
54%
13158,108NorthGuimarães
46%
3302,092NorthVila Nova de Gaia
46%
10173,298LisboaAlmada
35%
2377,249LisboaSintra
31%
6205,117LisboaCascais
27%
17139,393NorthSanta Maria da Feira / Santa
19%
11172,063LisboaOeiras
15%
12168,205NorthGondomar
12%
9174,931NorthMatosinhos
12%
15143,755LisboaOdivelas
12%
5205,577LisboaLoures
8%
14157,981LisboaSeixal
8%
18136,510LisboaVila Franca de Xira
8%
19135,049NorthMaia
4%
20133,804NorthVila Nova de Famalicão
0%

Score Distribution

Percentile by Number Answered

Percent of People with Each Score

Your Score History

You have not taken this quiz